ELECTRON MICROSCOPY OF AKABANE VIRUS

Bibliographic Details
Main Authors: Ito, Y. (Author), Goto, Y. (Author), Inaba, Y. (Author), Kurogi, H. (Author), Omori, T. (Author), Takahshi, H. (Author)
Format: Article
Language:English

MARC

LEADER 00000nab a2200000uu 4500
001 vtls011455862
003 SK-MaSNL
005 20260303151507.0
008 230222|1979 xo |||||||||||||||||eng|
015 |a SNBRB 
035 |a (urnnbn)urn:nbn:sk:snk:ar-a080je 
035 |a (uuid)7ae75a64-8a23-4c13-80d2-9d47094fc9d5 
035 |a urn:nbn:sk:snk-abcqt9 
040 |a SNKBUCL  |b slo  |c SNKBUCL  |e AACR2 
041 0 |a eng 
044 |a xo  |c SK 
100 1 |a Ito, Y.  |4 aut  |9 1012118 
245 1 0 |a ELECTRON MICROSCOPY OF AKABANE VIRUS  |c Y. Ito, H. Kurogi, H. Takahshi, Y. Goto, Y. Inaba, T. Omori 
700 1 |a Goto, Y.  |4 aut  |9 1012121 
700 1 |a Inaba, Y.  |4 aut  |9 1012122 
700 1 |a Kurogi, H.  |4 aut  |9 1012119 
700 1 |a Omori, T.  |4 aut  |9 1012123 
700 1 |a Takahshi, H.  |4 aut  |9 1171140 
773 0 |t Acta virologica  |g Roč. 23, č. 3 (1979), s. 198-202 
958 |a OND 
958 |a EUIPO 
958 |a article16 
999 |c 2017939  |d 2019869